Teacher Professional Learning through Lesson Study in Virtual and Hybrid Environments : (Record no. 51921)

MARC details
000 -LEADER
fixed length control field 00802nam a2200253Ia 4500
005 - DATE AND TIME OF LATEST TRANSACTION
control field 20260429112022.0
008 - FIXED-LENGTH DATA ELEMENTS--GENERAL INFORMATION
fixed length control field 260429s9999||||xx |||||||||||||| ||und||
020 ## - INTERNATIONAL STANDARD BOOK NUMBER
International Standard Book Number 9781032260327
041 ## - LANGUAGE CODE
Language English
082 ## - DEWEY DECIMAL CLASSIFICATION NUMBER
Classification number 370.71
Item number HUA
100 ## - MAIN ENTRY--PERSONAL NAME
Personal name Huang, Rongjin
245 #0 - TITLE STATEMENT
Title Teacher Professional Learning through Lesson Study in Virtual and Hybrid Environments :
Remainder of title opportunities, challenges, and future directions /
Statement of responsibility, etc Rongjin Huang
250 ## - EDITION STATEMENT
Edition statement 1st ed.
260 ## - PUBLICATION, DISTRIBUTION, ETC. (IMPRINT)
Place of publication, distribution, etc New York :
Name of publisher, distributor, etc Routledge,
Date of publication, distribution, etc 2024.
300 ## - PHYSICAL DESCRIPTION
Extent xxii, 279 p.; pbk
440 ## - SERIES STATEMENT/ADDED ENTRY--TITLE
Title WALS-Routledge Lesson Study Series
650 ## - SUBJECT ADDED ENTRY--TOPICAL TERM
Topical term or geographic name as entry element Lesson study
650 ## - SUBJECT ADDED ENTRY--TOPICAL TERM
Topical term or geographic name as entry element Online pedagogy
650 ## - SUBJECT ADDED ENTRY--TOPICAL TERM
Topical term or geographic name as entry element Teacher professional development
700 ## - ADDED ENTRY--PERSONAL NAME
Personal name Helgevold, Ragnar
700 ## - ADDED ENTRY--PERSONAL NAME
Personal name Jiang, Heng
700 ## - ADDED ENTRY--PERSONAL NAME
Personal name Lang, Jean
942 ## - ADDED ENTRY ELEMENTS (KOHA)
Koha item type Text Books
Holdings
Withdrawn status Lost status Damaged status Not for loan Collection code Home library Location Shelving location Date of Cataloging Source of acquisition Total Checkouts Full call number Barcode Date last seen Price effective from Koha item type
        Non-fiction CUTN Central Library CUTN Central Library Social Sciences 29/04/2026 SansRack Publishing Solutions, Chennai - Invoice No. S131/25-26 on 11-02-2026   370.71 HUA 56960 29/04/2026 29/04/2026 Text Books